Železniční stanice a uzly /

Saved in:
Bibliographic Details
Main Authors: Kubát, Bohumil (Author), Tyc, Petr (Author)
Format: Book
Language:Czech
Published: Praha : České vysoké učení technické v Praze, 1991
Tags: Add Tag
No Tags, Be the first to tag this record!

MARC

LEADER 00000nam a22000003a 4500
001 stu26461
005 20150617225739.3
008 910711s1991----cs------------------cze-d
020 |a 80-01-00539-9 
040 |a STU  |b slo 
041 0 |a cze 
044 |a cs 
100 1 |a Kubát, Bohumil  |4 aut 
245 1 |a Železniční stanice a uzly /  |c [aut]Kubát,Bohumil;Tyc,Petr 
260 |a Praha :  |b České vysoké učení technické v Praze,  |c 1991 
300 |a 173 s 
700 1 |a Tyc, Petr  |4 aut 
996 |b 284V029243  |c V*33769/S-91  |l VVT  |s A  |a 24  |w stu26461_0001